Find the hidden elements - countries - Statistics

General Stats
  • This quiz has been taken 86 times
  • The average score is 21 of 34
Answer Stats
Nicaragua % Correct
Nickel (Ni)
81%
Nickel (Ni)
81%
Argon (Ar)
78%
Calcium (Ca)
78%
Calcium (Ca)
78%
Nitrogen (N)
75%
Nitrogen (N)
75%
Carbon (C)
71%
Carbon (C)
71%
Oxygen (O)
69%
Oxygen (O)
69%
Uranium (U)
69%
Uranium (U)
69%
Helium (He)
68%
Iodine (I)
68%
Iodine (I)
68%
Iodine (I)
68%
Boron (B)
66%
Sodium (Na)
66%
Sulphur (S)
66%
Sulphur (S)
66%
Silver (Ag)
64%
Hydrogen (H)
63%
Hydrogen (H)
63%
Radium (Ra)
63%
Tin (Sn)
53%
Francium (Fr)
46%
Vanadium (V)
44%
Indium (In)
42%
Thorium (Th)
42%
Osmium (Os)
39%
Erbium (Er)
36%
Fluorine (F)
29%
Neodymium (Nd)
24%
No matching quizzes found
Score Distribution
Percent of People with Each Score
Percentile by Number Answered
Your Score History
You have not taken this quiz